Seksualiti manusia : keharmonian jalinan antara jantina

Main Author: Hatta Sidi
Other Authors: Ramli Hassan, Mohamed Hatta Shaharom
Published: Kuala Lumpur: Dewan Bahasa dan Pustaka, 2001.
Subjects:
LEADER 00655cam a2200193 7i4500
001 0000027129
005 20140604090000.0
020 # 0 |a 9836261974  
090 0 0 |a BF 692   |b H361 
100 0 # |a Hatta Sidi  
245 1 0 |a Seksualiti manusia :   |b keharmonian jalinan antara jantina   |c Hatta sidi, Mohamed Hatta Shaharom, Ramli Hassan. 
260 # # |a Kuala Lumpur:   |b Dewan Bahasa dan Pustaka,   |c 2001. 
300 # # |a 186 p.:   |b ill;   |c 25 cm.. 
590 # # |a Pusat Pengajian Pembangunan Sosial dan Ekonomi 
650 0 0 |a Sex (Biology)  
650 0 0 |a Sexual ethics  
700 0 1 |a Ramli Hassan  
700 0 1 |a Mohamed Hatta Shaharom  
999 |a 1100013083  |b Book  |c Open Shelf  |e KOLEKSI TERBUKA